|
|
|
|
| LEADER |
00000nab a2200000 a 4500 |
| 001 |
vtls000934289 |
| 003 |
SK-MaSNL |
| 005 |
20260304134433.0 |
| 008 |
250505e19910000xo 0 slo |
| 035 |
|
|
|a BJ22
|
| 035 |
|
|
|a urn:nbn:sk:snk-ab1yyo
|
| 035 |
|
|
|a (urnnbn)urn:nbn:sk:snk:ar-a019eo
|
| 035 |
|
|
|a (uuid)36671861-ab07-4ac0-95f9-036c67509dde
|
| 040 |
|
|
|a SNKBUCL
|b slo
|c SNKBUCL
|e AACR2
|
| 041 |
0 |
|
|a slo
|
| 044 |
|
|
|a xo
|c SK
|
| 080 |
|
|
|a 943.767.2
|2 1981
|
| 080 |
|
|
|a 211
|2 1981
|
| 080 |
|
|
|a 311.43
|2 1981
|
| 100 |
1 |
|
|a Žudel, Juraj,
|d 1929-2009
|4 aut
|
| 245 |
1 |
0 |
|a Náboženská štruktúra obyvateľstva slobodných kráľovských miest na Slovensku v 2. polovici 18. storočia
|
| 300 |
|
|
|b 7 tab.
|
| 648 |
|
7 |
|a 18. stor.
|2 snkbucl
|9 283423
|
| 650 |
0 |
7 |
|a obyvateľstvo
|2 BJOKDG
|9 4654
|
| 650 |
0 |
7 |
|a náboženská štruktúra
|2 BJOKDG
|9 34636
|
| 650 |
0 |
7 |
|a dejiny
|2 BJOKDG
|9 3825
|
| 651 |
|
7 |
|a Slovensko východné
|2 BJOKDG
|
| 651 |
|
7 |
|a Bardejov (Slovensko)
|2 BJOKDG
|9 20040
|
| 773 |
0 |
|
|t Geografický časopis
|g Roč. 43, č. 3 (1991), s. 215-230
|
| 850 |
|
|
|a Slovenská národná knižnica
|
| 852 |
|
|
|a Slovenská národná knižnica
|
| 954 |
|
|
|a odborná, vedecká literatúra pôvodná (slovenská)
|2 lita
|
| 958 |
|
|
|a article27
|
| 958 |
|
|
|a NT
|
| 958 |
|
|
|a OND
|
| 958 |
|
|
|a EUIPO
|
| 999 |
|
|
|c 2906838
|d 2908768
|